| 000 | 00613nam a22001697a 4500 | ||
|---|---|---|---|
| 005 | 20250917100505.0 | ||
| 008 | 250915b |||||||| |||| 00| 0 eng d | ||
| 020 | _a9786214500710 | ||
| 082 | _aDFil 499.21 B12 2021 | ||
| 100 |
_aBacalla, Lita A. _947148 |
||
| 245 |
_aMga panlaping makadiwa sg sinugbuanon'g binisaya : _bisang sosyolingguwistikong pagsusuri / _cLita A. Bacalla. |
||
| 260 |
_aMaynila : _bKomisyon sa Wikang Filipino Publikasyon, _c©2021. |
||
| 300 |
_axviii, 146 pages : _billustrations ; _c25 cm. |
||
| 500 | _aIncludes references. | ||
| 650 | 0 |
_aLanguages _xCebuano. _967642 |
|
| 942 |
_2ddc _cDFIL |
||
| 999 |
_c23768 _d23768 |
||